Citations littérature française - Statistiques

Statistiques générales
  • Ce quiz a été pris 189 fois
  • Le résultat moyen est 12 sur 26
Statistiques - réponses
Hint Réponse % Correct
"l'enfer, c'est les Autres" --- Jean-Paul Sartre
86%
"Je suis de ceux qui pensent et affirment qu'on peut détruire la misère" Victor Hugo
71%
"Un soir, j'ai assis la Beauté sur mes genoux. -Et je l'ai trouvée amère. -Et je l'ai injuriée" (ou encore "Les parfums ne font pas frissonner sa narine, Il dort dans le soleil, la main sur la poitrine Tranquille. Il a deux trous rouges au côté droit.") Arthur Rimbaud
70%
"Le Poète est semblable au prince des nuées Qui hante la tempête et se rit de l'archer ; Exilé sur le sol au milieu des huées, Ses ailes de géant l'empêchent de marcher." Charles Baudelaire
65%
"Elle est morte de quatre médecins et de deux apothicaires" (ou encore "Ah! pour être dévot, je n'en suis pas moins homme." ---) Molière
64%
"Je tire de l'absurde trois conséquences qui sont ma révolte, ma liberté, ma passion" (ou encore "il faut imaginer Sisyphe heureux") Albert Camus
63%
"Sous le pont Mirabeau coule la Seine Et nos amours Faut-il qu'il m'en souvienne La joie venait toujours après la peine Vienne la nuit sonne l'heure Les jours s'en vont je demeure" Guillaume Apollinaire
62%
"Heureux qui, comme Ulysse, a fait un beau voyage, ou comme cestui-là qui conquit la toison, et puis est retourné, plein d'usage et raison, vivre entre ses parents le reste de son âge !" Joachim du Bellay
57%
"J'approche tout doucement du moment où les philosophes et les imbéciles ont la même destinée" ( ou encore "j'ai fait un peu de bien et c'est mon meilleur ouvrage") Voltaire
57%
"Le cœur a ses raisons que la raison ne connait pas" Blaise Pascal
55%
"Si ce n'est toi c'est donc ton frère" --- Jean de La Fontaine
53%
"L’argent qu’on possède est l’instrument de la liberté ; celui qu’on pourchasse est celui de la servitude." (ou encore "l'homme est né libre et partout il est dans les fers" Jean-Jacques Rousseau
51%
"Vivez, si m'en croyez, n'attendez à demain Cueillez des aujourd'hui les roses de la vie" Pierre de Ronsard
49%
"La vérité est en marche et rien en l'arrêtera" Emile Zola
45%
"Je suis jeune il est vrai, mais aux âmes bien nées la valeur n'attend point le nombre des années." --- Pierre Corneille
45%
"Parce que c'était lui, parce que c'était moi" Montaigne
44%
"Ce qui me semble beau, c'est un livre sur rien [...] qui se tiendrait de lui-même par la force interne de son style" Gustave Flaubert
41%
"Toute sa personne explique la pension, comme la pension implique la personne" ---(narrateur) Honoré de Balzac
41%
"Tout Combray et ses environs, tout cela qui prend forme et solidité, est sorti, villes et jardins, de ma tasse de thé" Marcel Proust
40%
"pour qu'on ne puisse abuser du pouvoir, il faut que, par la disposition des choses, le pouvoir arrête le pouvoir" Montesquieu
39%
"la femme a le droit de monter sur l'échafaud, elle doit avoir également celui de monter à la tribune" ( ou encore "cette différence est bien peu de chose, elle n'existe que dans la couleur") Olympe de Gouges
39%
"Science sans conscience n'est que ruine de l'âme" François Rabelais
33%
"[Comte], qu'avez-vous fait pour tant de biens ! Vous vous êtes donné la peine de naître, et rien de plus." --- Beaumarchais
27%
"Je suis fou ! Ma tête bat la campagne. Adieu ami vous ne me reverrez pas" Guy de Maupassant
25%
"Je serai avec l'esclave et avec la bohémienne, et non avec les rois et leurs suppôts" George Sand
19%
"Dans ce monde, il faut être un peu trop bon pour l'être assez" Marivaux
8%
Aucun quiz correspondant
Distribution des résultats
% des personnes avec chaque résultat
Percentile par nombre de réponses
Votre historique - résultats
Vous n’avez pas pris ce quiz